Η έσθητα της θεάς : σημειώσεις για την ποίηση και την κριτική

Αποθηκεύτηκε σε:
Λεπτομέρειες βιβλιογραφικής εγγραφής
Κύριος συγγραφέας: Βαγενάς, Νάσος, 1945-
Μορφή: Βιβλίο
Γλώσσα:Greek
Δημοσίευση: Αθήνα : Στιγμή, 1988
Θέματα:
Ετικέτες: Προσθήκη ετικέτας
Δεν υπάρχουν, Καταχωρήστε ετικέτα πρώτοι!

MARC

LEADER 00000nam a2200000 i 4500
001 1/88792
008 950505s1988 gre d
035 |a 1990  |b 2  |c Αναγνωστοπούλου  |l 10035588 
035 |a 1992  |b 1  |c Δωρεά 
040 |a GR-MY-UA  |b gre  |e aacr 
041 0 |a gre 
100 1 |a Βαγενάς, Νάσος,   |d 1945- 
245 1 2 |a Η έσθητα της θεάς :  |b σημειώσεις για την ποίηση και την κριτική /  |c Νάσος Βαγενάς 
260 |a Αθήνα :   |b Στιγμή,   |c 1988 
300 |a 248 σ. 
650 0 0 |a Poetry  |x History and criticism. 
650 0 0 |a Poetry. 
852 |a INST  |b LESVOS  |e 19950505  |h 808.1 ΒΑΓ  |p 005100001271  |q 005100001271  |t BK  |y 0 
852 |a INST  |b RHODES  |e 19970211  |h 808.1 ΒΑΓ  |p 005400000063  |q 005400000063  |t BK  |y 0 
852 |a INST  |b RHODES  |e 19960920  |h 808.1 ΒΑΓ  |p 005400008300  |q 005400008300  |t BK  |y 0 
909 |a Ρ  |b 017814  |c 1990 
909 |a Λ  |b 021551 
909 |a Ρ  |b 020664  |c 1992 
922 |a 1ΔΩΡ  |b 199112